000 00822nam a2200229 a 4500
001 48122
003 BD-RjUL
005 20211209054450.0
008 160811s1984 ii ||||| |||| 00| 0 ben d
020 _c: IRs.50.00
035 _a(BD-RjUL)48241
040 _aBD-RjUL
_bben
_cBD-RjUL
_dBD-RjUL
041 _aben
082 _223
_a891.444
_bBAB 1984
100 _aবন্দোপাধ্যায়, অসিতকুমার
_9145745
245 1 0 _aবহুবিচিত্র /
_cঅসিতকুমার বন্দোপাধ্যায়,
260 _aকলিকাতা :
_bসাহিত্যলোক,
_c১৯৮৪
300 _a২৫৫ পৃ. ;
_c২৫ সেমি.
650 _aবাংলা প্রবন্ধ
_9145746
650 _aBengali Essays
_9145747
942 _2ddc
_cBK
999 _c48122
_d48122